[Event "Val Thorens op 32nd"]
[Site "Val Thorens"]
[Date "2006.07.18"]
[Round "4"]
[White "Guillaumat, Jean Pierre"]
[Black "Goubet, Alain"]
[Result "1-0"]
[WhiteElo "2039"]
[BlackElo "1880"]
[PlyCount "67"]
[EventDate "2006.07.15"]
[EventType "swiss"]
[EventRounds "9"]
[EventCountry "FRA"]
[SourceTitle "EXT 2010"]
[Source "ChessBase"]
[SourceDate "2010.11.25"]
[SourceVersion "1"]
[SourceVersionDate "2010.11.25"]
[SourceQuality "1"]

1. d4 c6 2. e4 d6 3. Nc3 e6 4. Bd3 e5 5. Nge2 Nd7 6. f4 exd4 7. Nxd4 Nc5 8. Be3 Nh6 9. Be2 f5 10. e5 Ng4 11. Bxg4 fxg4 12. 0-0 h5 13. b4 g3 14. bxc5 dxc5 15. Nf3 gxh2+ 16. Kh1 Qc7 17. Ne4 Rh6 18. Bxc5 Bxc5 19. Nxc5 b6 20. Ne4 Bg4 21. Nd6+ Kf8 22. Qd3 h4 23. Kxh2 c5 24. Ng5 h3 25. g3 a5 26. Rf2 a4 27. Qe4 Rb8 28. f5 Bh5 29. Ne6+ Rxe6 30. fxe6+ Kg8 31. g4 Be8 32. Raf1 Bc6 33. Qg6 Rd8 34. Rf7 1-0